| 000 | 00555nam a22001937a 4500 | ||
|---|---|---|---|
| 003 | 0 | ||
| 005 | 20240920165813.0 | ||
| 008 | 240920b xxu||||| |||| 00| 0 eng d | ||
| 020 | _a978-0-357-65706-5 | ||
| 050 |
_aKF 2750 _b.B45 2023 |
||
| 100 | _aBelmas, Genelle I. | ||
| 245 |
_aMajor principles of media law _cBelmas, Genelle I. |
||
| 260 |
_aAustralia _bCengage _cC2023 |
||
| 300 |
_axix, 663p. _bill. _c23cm. |
||
| 500 | _aMass media--law & legislation--US. | ||
| 500 | _aFreedom of information--US | ||
| 650 | _aIncludes index. | ||
| 942 |
_2lcc _cBK |
||
| 999 |
_c366302 _d366302 |
||